Detalles MARC
| 000 -CABECERA |
| campo de control de longitud fija |
01157aam a2200337 a 4500 |
| 001 - NÚMERO DE CONTROL |
| campo de control |
001338490 |
| 003 - IDENTIFICADOR DEL NÚMERO DE CONTROL |
| campo de control |
AR-RoIUNI |
| 005 - FECHA Y HORA DE LA ÚLTIMA TRANSACCIÓN |
| campo de control |
20190422150611.0 |
| 007 - CAMPO FIJO DE DESCRIPCIÓN FÍSICA--INFORMACIÓN GENERAL |
| campo de control de longitud fija |
ta |
| 008 - DATOS DE LONGITUD FIJA--INFORMACIÓN GENERAL |
| campo de control de longitud fija |
150514s1977 ag dr 001 0 spa |
| 015 ## - NÚMERO DE BIBLIOGRAFÍA NACIONAL |
| Número de bibliografía nacional |
AR-1977 |
| 040 ## - FUENTE DE LA CATALOGACIÓN |
| Centro catalogador/agencia de origen |
AR-BaBN |
| Centro/agencia transcriptor |
AR-RoIUNI |
| 044 ## - CÓDIGO DEL PAÍS DE LA ENTIDAD EDITORA/PRODUCTORA |
| Código MARC del país |
ag |
| Código ISO del país |
ar-c |
| 080 1# - NÚMERO DE LA CLASIFICACIÓN DECIMAL UNIVERSAL |
| Número de la Clasificación Decimal Universal |
159.9 RUI |
| Identificador de la edición |
2004 |
| 100 1# - ENTRADA PRINCIPAL--NOMBRE DE PERSONA |
| Nombre de persona |
Ruiz, Daniel J. |
| 245 10 - MENCIÓN DE TÍTULO |
| Título |
Curso de psicología |
| Resto del título |
para cuarto año de las escuelas normales, colegios nacionales y liceos de señoritas, de acuerdo con el programa en vigor |
| Mención de responsabilidad, etc. |
Daniel J. Ruiz. |
| 246 24 - FORMA VARIANTE DE TÍTULO |
| Título propio/Titulo breve |
Psicología : |
| Resto del título |
4º bachillerato y magisterio |
| 250 ## - MENCIÓN DE EDICIÓN |
| Mención de edición |
16a ed. |
| 260 ## - PUBLICACIÓN, DISTRIBUCIÓN, ETC. (PIE DE IMPRENTA) |
| Lugar de publicación, distribución, etc. |
Buenos Aires |
| Nombre del editor, distribuidor, etc. |
Ángel Estrada |
| Fecha de publicación, distribución, etc. |
1968 |
| 300 ## - DESCRIPCIÓN FÍSICA |
| Extensión |
344 p. |
| Dimensiones |
22 cm. |
| 650 10 - PUNTO DE ACCESO ADICIONAL DE MATERIA--TÉRMINO DE MATERIA |
| Término de materia o nombre geográfico como elemento inicial |
Psicología |
| 9 (RLIN) |
108 |
| 655 #4 - TÉRMINO DE INDIZACIÓN--GÉNERO/FORMA |
| Datos o término principal de género/forma |
Libros de texto |
| 930 #1 - EQUIVALENCIA O REFERENCIA CRUZADA-ENCABEZAMIENTO DE TÍTULO UNIFORME [LOCAL, CANADÁ] |
| Lenguaje de la obra |
BNA01 |
| Medio de interpretación para música |
LIBRO |
| Enlace |
01027332 |
| Enlace entre campo y número de secuencia |
20150514 |
| Fecha de publicación/de la obra |
11 |
| Información miscelánea |
39651 |
| 930 #1 - EQUIVALENCIA O REFERENCIA CRUZADA-ENCABEZAMIENTO DE TÍTULO UNIFORME [LOCAL, CANADÁ] |
| Lenguaje de la obra |
BNA01 |
| Medio de interpretación para música |
LIBRO |
| Enlace |
00092677 |
| Enlace entre campo y número de secuencia |
20110912 |
| Fecha de publicación/de la obra |
11 |
| Medio |
21a ed. (1978) |
| 942 ## - ELEMENTOS DE PUNTO DE ACCESO ADICIONAL (KOHA) |
| Fuente del sistema de clasificación o colocación |
Clasificación Decimal Universal |
| Tipo de ítem Koha |
Libros |
| 956 ## - LOCALIZACIÓN Y ACCESO ELECTRÓNICOS LOCAL (OCLC) |
| Nombre del host |
LACOSTA |
| Número de acceso |
00 |
| Información sobre la compresión |
20150514 |
| Proceso de conexión (Logon) |
BNA01 |
| Procesador de la petición |
1247 |
| 956 ## - LOCALIZACIÓN Y ACCESO ELECTRÓNICOS LOCAL (OCLC) |
| Nombre del host |
LACOSTA |
| Número de acceso |
00 |
| Información sobre la compresión |
20150514 |
| Proceso de conexión (Logon) |
BNA01 |
| Procesador de la petición |
1247 |
| 956 ## - LOCALIZACIÓN Y ACCESO ELECTRÓNICOS LOCAL (OCLC) |
| Nombre del host |
JSARAVIA |
| Número de acceso |
20 |
| Información sobre la compresión |
20161201 |
| Proceso de conexión (Logon) |
BNA01 |
| Procesador de la petición |
1457 |
| 956 ## - LOCALIZACIÓN Y ACCESO ELECTRÓNICOS LOCAL (OCLC) |
| Nombre del host |
JSARAVIA |
| Número de acceso |
20 |
| Información sobre la compresión |
20161201 |
| Proceso de conexión (Logon) |
BNA01 |
| Procesador de la petición |
1707 |
| 956 ## - LOCALIZACIÓN Y ACCESO ELECTRÓNICOS LOCAL (OCLC) |
| Nombre del host |
FORTIZ |
| Número de acceso |
20 |
| Información sobre la compresión |
20161202 |
| Proceso de conexión (Logon) |
BNA01 |
| Procesador de la petición |
1013 |